000 00413nam a22001697a 4500
005 20250320091810.0
008 250320b |||||||| |||| 00| 0 eng d
020 _a9780333772409
050 _aHD31
_bEYR
100 _aPettinger, Richard
245 _aMastering basic management
250 _a3rd
260 _aNew York
_bPalgrave
_cc1999
300 _axiii, 293p
700 _aEyre, E. C.
942 _2lcc
_cBK
_n0
999 _c4993
_d4993